Cardiac Arrhythmias: practical notes on interpretation and Treatment (Record no. 4373)

MARC details
000 -LEADER
fixed length control field 00609nam a22002177a 4500
003 - CONTROL NUMBER IDENTIFIER
control field OSt
005 - DATE AND TIME OF LATEST TRANSACTION
control field 20160616142241.0
008 - FIXED-LENGTH DATA ELEMENTS--GENERAL INFORMATION
fixed length control field 160616b xxu||||| |||| 00| 0 eng d
020 ## - INTERNATIONAL STANDARD BOOK NUMBER
International Standard Book Number 9780340925621
040 ## - CATALOGING SOURCE
Transcribing agency DNLM
082 ## - DEWEY DECIMAL CLASSIFICATION NUMBER
Classification number WG330 B43c 2006
100 ## - MAIN ENTRY--PERSONAL NAME
Personal name Bennett, David H.
9 (RLIN) 4914
245 ## - TITLE STATEMENT
Title Cardiac Arrhythmias: practical notes on interpretation and Treatment
250 ## - EDITION STATEMENT
Edition statement 7th ed.
260 ## - PUBLICATION, DISTRIBUTION, ETC. (IMPRINT)
Place of publication, distribution, etc. London; Hodder Arnold, 2006
300 ## - PHYSICAL DESCRIPTION
Extent 411p; col.ill: 23.5cm
504 ## - BIBLIOGRAPHY, ETC. NOTE
Bibliography, etc Index included
650 ## - SUBJECT ADDED ENTRY--TOPICAL TERM
Topical term or geographic name as entry element Cardiac Arrhythmias
9 (RLIN) 9417
650 ## - SUBJECT ADDED ENTRY--TOPICAL TERM
Topical term or geographic name as entry element Cardiovascular system
9 (RLIN) 5890
942 ## - ADDED ENTRY ELEMENTS (KOHA)
Source of classification or shelving scheme Other/Generic Classification Scheme
Koha item type Open Shelf
Holdings
Withdrawn status Lost status Source of classification or shelving scheme Damaged status Not for loan Home library Current library Date acquired Source of acquisition Inventory number Total Checkouts Full call number Barcode Date last seen Koha item type
    Other/Generic Classification Scheme     MUST Main Library MUST Main Library 16/06/2016   09/31815   WG330 B43c 2006 2016-2524 16/06/2016 Open Shelf
    Other/Generic Classification Scheme     MUST Main Library MUST Main Library 16/06/2016   10/32354   WG330 B43c 2006 2016-2525 16/06/2016 Open Shelf
    Other/Generic Classification Scheme     MUST Main Library MUST Main Library 16/06/2016   12/36060   WG330 B43c 2006 2016-2526 16/06/2016 Open Shelf